000 00309nam a2200109Ia 4500
008 171211s9999 xx 000 0 und d
245 _a100 Questions & Answers About Men's Health
245 _cPamela Ellsworth
260 _c2010
650 _xHEALTH
856 _uhttp://down.ebook777.com/017/9780763781811.pdf
999 _c348365
_d348365